000 00381 a2200145 4500
001 90115
082 _a297.211 UXI
090 _c42455
_d42455
100 _aMufti Uxi
245 _aTalaash : Allah Mawara ka Tayyan
_bAksi Mufti
260 _aLahore
_bAl-Faisyal Nashran
_c2012
300 _a552 p.
650 _aTalash - Allah Mawara ka Tayiun
740 _aallah taala; Allah
942 _aNUST-CAE
_k297.211 UXI
999 _c325188
_d325188